Former Nations (4 Letters) - Statistics

General Stats
  • This quiz has been taken 29 times
  • The average score is 8 of 15
Answer Stats
First Second Third Fourth Answer % Correct
U S S R Soviet Union
93%
I N C A Inca Empire
90%
Y G S V Yugoslavia
90%
N A Z I Nazi Germany
79%
O T T O Ottoman Empire
79%
S P Q R Roman Empire
76%
A T E C Aztec Empire
62%
K H M E Khmer Empire
41%
G R A N Gran Colombia
38%
P T G S Portuguese Empire
34%
S J U K Seljuk Empire
34%
U M Y D Umayyad Caliphate
28%
V C H F Vichy France
28%
K L M R Kalmar Union
17%
M A U R Mauryan Empire
17%
No matching quizzes found
Score Distribution
Percent of People with Each Score
Percentile by Number Answered
Your Score History
You have not taken this quiz